Chelsea FC Squad 2022-2023 - Statistics

General Stats
  • This quiz has been taken 1,067 times
    698 since last reset
  • The average score is 26 of 36
Answer Stats
# Position Nation Player % Correct
1 GK Spain Kepa Arrizabalaga
97%
8 MF Croatia Mateo Kovačić
93%
6 DF Brazil Thiago Silva
93%
10 FW United States Christian Pulisic
92%
16 GK Senegal Édouard Mendy
90%
7 MF France N'Golo Kanté
90%
5 MF Argentina Enzo Fernández
89%
5 MF Italy Jorginho
89%
9 FW Gabon Pierre-Emerick Aubameyang
89%
15 FW Ukraine Mykhailo Mudryk
87%
22 MF Morocco Hakim Ziyech
84%
29 MF Germany Kai Havertz
84%
11 FW Portugal João Félix
82%
19 MF England Mason Mount
82%
24 DF England Reece James
82%
- Coach Germany Thomas Tuchel
80%
28 DF Spain César Azpilicueta
75%
26 DF Senegal Kalidou Koulibaly
75%
18 FW Albania Armando Broja
74%
21 DF England Ben Chilwell
74%
27 FW Ivory Coast David Datro Fofana
73%
- Coach England Frank Lampard
73%
33 DF France Wesley Fofana
73%
17 FW England Raheem Sterling
67%
- Coach England Graham Potter
64%
23 MF England Conor Gallagher
63%
32 DF Spain Marc Cucurella
63%
20 MF Switzerland Denis Zakaria
62%
4 DF France Benoît Badiashile
60%
12 MF England Ruben Loftus-Cheek
55%
14 DF England Trevoh Chalobah
52%
31 FW England Noni Madueke
44%
13 GK England Marcus Bettinelli
40%
36 GK United States Gabriel Slonina
33%
30 MF England Carney Chukwuemeka
22%
- Coach Spain Bruno Saltor
20%
No matching quizzes found
Score Distribution
Percent of People with Each Score
Percentile by Number Answered
Your Score History
You have not taken this quiz since the last reset